| 000 | 00000nam##2200000za#4500 |
| 001 | 9.643639 |
| 003 | CaOODSP |
| 005 | 20210624224248 |
| 007 | cr ||||||||||| |
| 008 | 150407|2008||||xxc|||||o f|0| 0 fre|d |
| 040 | |aCaOODSP|bfre |
| 043 | |an-cn--- |
| 086 | 1 |aH128-1/08-534F-PDF |
| 110 | 1 |aCanada.|bSanté Canada. |bSécurité des produits de consommation. |
| 245 | 10|aPendant combien de temps les sièges d'enfant et les coussins d'appoint sont-ils sécuritaires? |h[ressource électronique] |
| 260 | |aOttawa - Ontario : |bSanté Canada. |cc2008. |
| 300 | |a1p.|btableau, photographies |
| 500 | |aLe n° de catalogue (H128-1/08-534) et l'ISBN (978-0-662-05668-3) de l'édition imprimée bilingue ont été incorrectement copiés dans l'édition électronique. |
| 590 | |a14-14-Supp|b2014-07-24 |
| 691 | 07|aSécurité de l'enfant|2gcpds |
| 691 | 07|aTransport|2gcpds |
| 775 | 08|tChildren's car seats and booster cushions - how long are they safe? |w(CaOODSP)9.699663 |
| 776 | 0#|tChildren's car seats and booster cushions - how long are they safe? |w(CaOODSP)9.670073 |
| 776 | 0#|tPendant combien de temps les sièges d'enfant et les coussins d'appoint sont-ils sécuritaires? |w(CaOODSP)9.670074 |
| 856 | 40|ahttp://publications.gc.ca|qPDF|s480 Ko|uhttps://publications.gc.ca/collections/collection_2014/sc-hc/H128-1-08-534-fra.pdf |
| 986 | |aSC Pub. 4443 |